John Rawls: Teorie spravedlnosti

Bibliographic Details
Main Authors: Juza, Peter, 1959- (Author), Rawls, John (Author)
Format: Article
Language:Slovak
ISSN:1210-1982
Subjects:

MARC

LEADER 00000nab a2200000 a 4500
001 vtls000557776
003 SK-MaSNL
005 20260304214333.0
008 160201c1995 xo 0 slo
015 |a SNBRB19rr/mm-uuuuu 
035 |a CL0557914 
040 |a SNKBUCL  |b slo  |c SNKBUCL  |e AACR2 
041 0 |a slo 
044 |a xo  |c SK 
080 |a 301.15/.18  |2 1981 
100 1 |a Juza, Peter,  |d 1959-  |4 aut  |9 118252 
245 1 0 |a John Rawls: Teorie spravedlnosti  |c Peter Juza 
650 0 7 |a spoločnosť  |2 snkbucl  |9 1013 
650 0 7 |a sociálna spravodlivosť  |2 snkbucl  |9 68730 
655 7 |a články z novín a časopisov  |2 snkbucl  |9 267496 
700 1 |a Rawls, John  |4 aut  |9 277906 
773 0 |t Knižná revue  |g Roč. 5, č. 15-16 (1995), s. 5  |x 1210-1982 
787 0 8 |i Rec.:  |a Rawls, John  |t Teorie spravedlnosti  |d Praha : Victoria Publishing, 1995 
850 |a Slovenská národná knižnica v Martine  |a MTA001 
852 |a SNK  |b KIS3GCP 
958 |a RK 
958 |a CZ 
992 |a RBX 
999 |c 3140788  |d 3142718